000
00243 a2200109 4500
245
_a
Cours d'endocrinologie : D.C.E.M.3
100
_a
Monnier
260
_c
1986
300
_a
128 p.
999
_c
16688
_d
16688